000 00533nam a2200193Ia 4500
005 20250508162607.0
008 008 250505s9999 xx 000 0 hin d
037 _aTextual
040 _aFEDL
_beng
_cFEDL
041 _ahin
_2eng
084 _a370, MIS
_qFEDL
100 _aMisr Karuna Shankar
_9773541
245 0 _aShikshan mein navchintan : Shikshan-pratiman
260 _aKanpur, India
_bSangyanalaya
_c1986
300 _a67p.
650 _aEducation
942 _cTEXL
_h370, MIS
999 _c1377531
_d1377531